Minilexikón anorganickej chémie

Bibliographic Details
Main Authors: Langfelderová, Helena, 1940-1993 (Author), Boča, Roman, 1950- (Author)
Format: Book
Language:Slovak
PhysicalDescription:255 s. tab. 10x14 cm
Published: Bratislava Alfa 1991
ISBN:8005008791
Edition:1. vyd.
Series:Edícia chemickej literatúry
Subjects:

MARC

LEADER 00000nam a2200000 a 4500
001 vtls001065882
003 SK-MaSNL
005 20260301110829.0
008 240315s1991 xo d f 00000 slo
015 |a SNBA1991/10 
020 |a 8005008791 
035 |a SNK000008712 
035 |a urn:nbn:sk:snk-am3i296 
035 |a 475827BF-F176-4BEC-8335-EE2E372D2519 
035 |a urn:nbn:sk:snk-am00dhbe 
040 |a SNK  |b slo  |c SNK  |e AACR2 
041 0 |a slo 
044 |a xo  |c SK 
080 |a 546(035)  |2 1981 
100 1 |a Langfelderová, Helena,  |d 1940-1993  |4 aut  |9 48695 
245 1 0 |a Minilexikón anorganickej chémie  |c Helena Langfelderová, Roman Boča 
250 |a 1. vyd. 
260 |a Bratislava  |b Alfa  |c 1991  |e Bratislava  |f Svornosť 
300 |a 255 s.  |b tab.  |c 10x14 cm 
490 1 |a Edícia chemickej literatúry 
500 |a Zozn. symbolov. 
650 0 7 |a anorganická chémia  |2 SNKPH  |9 850 
655 7 |a lexikóny  |2 SNKPH  |9 70702 
700 1 |a Boča, Roman,  |d 1950-  |4 aut  |9 118818 
830 0 |a Edícia chemickej literatúry  |9 276844 
919 |a 80-05-00879-1 
958 |a TL 
999 |c 704392  |d 706322 
952 |a SNK  |b SNK  |y PREZ  |7 0  |p 17A0786529  |o snkSE 8203  |0 0  |1 0  |4 0  |d 2012-01-24  |f 1  |l 0  |r 2026-02-23 21:11:11  |w 2026-02-23